U.S. States That Start With Vowels - Statistics

General Stats
  • This quiz has been taken 1,167 times
  • The average score is 11 of 12
Answer Stats
State % Correct
Alabama
99%
Alaska
98%
Indiana
98%
Arkansas
96%
Illinois
96%
Ohio
96%
Arizona
95%
Iowa
95%
Utah
95%
Oklahoma
94%
Oregon
94%
Idaho
92%
No matching quizzes found
Score Distribution
Percent of People with Each Score
Percentile by Number Answered
Your Score History
You have not taken this quiz